Państwa bez liter F,L,A,G,A - Statystyki

Ogólne statystyki
  • Ten quiz został rozwiązany 290 razy
    287 od ostatniego zresetowania
  • Średni wynik to 9 z 18
Statystyki odpowiedzi
Flaga
% Poprawnych
Niemcy
74%
Chiny
73%
Peru
73%
Czechy
71%
Meksyk
71%
Kosowo
70%
Włochy
70%
Indie
60%
Jemen
54%
Cypr
51%
Brunei
50%
Benin
42%
Dżibuti
41%
Burundi
37%
Kuwejt
33%
Timor Wschodni
30%
Komory
26%
Wybrzeże Kości Słoniowej
20%
Nie znaleziono quizów pasujących do podanych kryteriów
Rozkład punktacji
Procent ludzi z każdym wynikiem
Percentyl według liczby udzielonych odpowiedzi
Twoja historia wyników
Nie rozwiązałeś tego quizu od ostatniego zresetowania